'I' CITIES BY PICTURE - Statistics

General Stats
  • This quiz has been taken 24 times
  • The average score is 4 of 10
Answer Stats
Picture Answer % Correct
Istanbul
95%
Islamabad
76%
Ibadan
52%
Innsbruck
52%
Indianapolis
43%
Irkutsk
38%
Izmir
38%
Ibiza
14%
Incheon
10%
Ipswich
10%
No matching quizzes found
Score Distribution
Percent of People with Each Score
Percentile by Number Answered
Your Score History
You have not taken this quiz